Statistieken voor Leden van de NAVO

Klik hier om de quiz te nemen!

Algemene statistieken

  • Deze quiz is 28 keer genomen
  • De gemiddelde score is 20 van 30

Antwoordstatistieken

Lidstaten% Correct
Frankrijk
91%
Nederland
91%
België
86%
Spanje
86%
Duitsland
82%
Portugal
82%
Canada
77%
Denemarken
73%
Hongarije
73%
Letland
73%
Luxemburg
73%
Noorwegen
73%
Albanië
68%
Bulgarije
68%
Estland
68%
Italië
68%
Litouwen
68%
Polen
68%
Noord-Macedonië
64%
Slovenië
64%
Slowakije
64%
Verenigd Koninkrijk
64%
Kroatië
59%
Roemenië
59%
Turkije
59%
Griekenland
55%
IJsland
55%
Montenegro
55%
Tsjechië
55%
United States of America
0%

Scoreverdeling

Percentiel versus Aantal Correcte Antwoorden

Procent van Mensen met Elke Score

Uw Scoregeschiedenis

U heeft deze quiz nog niet genomen